The captives a tragedy : as performed at the Theatre-Royal, Drury-Lane by the author of The royal suppliants.

Bibliographic Details
Main Author: Delap, J. (John), 1725-1812
Format: eBook
Language:English
Series:Eighteenth century collections online.
Online Access:Full text online

MARC

Tag First Indicator Second Indicator Subfields
LEADER 00000cam a2200000 4500
001 in00001939613
006 m | d |
007 cr |n||||||||n
008 790322s1786 enk|||| s 00||||eng d
005 20260406222323.1
035 |a (CStRLIN)ESTCT19925 
040 |a Uk-ES  |c Uk-ES  |d CStRLIN  |d Thomson Gale  |d UtOrBLW 
100 1 |a Delap, J.  |q (John),  |d 1725-1812. 
245 1 4 |a The captives a tragedy :  |b as performed at the Theatre-Royal, Drury-Lane by the author of The royal suppliants. 
264 3 |a London :  |b printed for T. Cadell,  |c 1786. 
300 |a 88p. ;  |c 8⁰. 
336 |a text  |b txt  |2 rdacontent 
337 |a computer  |b c  |2 rdamedia 
338 |a online resource  |b cr  |2 rdacarrier 
500 |a Author of The royal suppliants = John Delap. 
500 |a A variant has a comma after "captives" and a full-stop after "Drury-Lane" on the titlepage. 
500 |a Reproduction of original from the British Library. 
510 4 |a English Short Title Catalog,  |c ESTCT19925. 
533 |a Electronic reproduction.  |b Farmington Hills, Mich. :  |c Thomson Gale,  |d 2003.  |n Available via the World Wide Web.  |n Access limited by licensing agreements  |7 s2003 miunns 
500 |a Electronic resource. 
830 0 |a Eighteenth century collections online. 
856 4 0 |u http://proxy.library.tamu.edu/login?url=https://galenet.galegroup.com/servlet/ECCO?c=1&stp=Author&ste=11&af=BN&ae=T019925&tiPG=1&dd=0&dc=flc&docNum=CW114912337&vrsn=1.0&srchtp=a&d4=0.33&n=10&SU=0LRK&locID=txshracd2898  |z Full text online  |t 0 
999 |a MARS 
999 f f |s 4ce260a7-d5d7-35c6-a997-21cf8fbfade3  |i 274492db-c157-382b-8d39-dc62d1f3af7f  |t 0 
952 f f |a Texas A&M University  |b College Station  |c Electronic Resources  |s www_evans  |d Available Online  |t 0  |h No information provided 
998 f f |t 0  |l Available Online